| 000 | 01664cam a22003857i 4500 | ||
|---|---|---|---|
| 999 |
_c1623 _d1623 |
||
| 001 | 19193835 | ||
| 003 | GZU | ||
| 005 | 20201021083225.0 | ||
| 008 | 160727s2016 enk b 001 0 eng d | ||
| 010 | _a 2016438186 | ||
| 020 |
_a9781847924032 _q(hardback) |
||
| 020 |
_a1847924034 _q(hardback) |
||
| 020 |
_a9781847924049 _q(paperback) |
||
| 020 |
_a1847924042 _q(paperback) |
||
| 035 | _a(OCoLC)ocn927401501 | ||
| 040 |
_aYDXCP _beng _cYDXCP _erda _dOCLCQ _dJ2H _dOCLCO _dCDX _dOCLCF _dOCLCO _dNDD _dINU _dOCLCO _dDLC |
||
| 042 | _alccopycat | ||
| 050 | 0 | 0 |
_aHC241 _b.VAR 2016 |
| 100 | 1 |
_aVaroufakis, Yanis, _eauthor. |
|
| 245 | 1 | 0 |
_aAnd the weak suffer what they must? : _bEurope, austerity and the threat to global stability / _cYanis Varoufakis. |
| 264 | 1 |
_aLondon : _bThe Bodley Head, _c2016. |
|
| 300 |
_a318 pages ; _c25 cm |
||
| 336 |
_atext _btxt _2rdacontent |
||
| 337 |
_aunmediated _bn _2rdamedia |
||
| 338 |
_avolume _bnc _2rdacarrier |
||
| 504 | _aIncludes bibliographical references and index. | ||
| 505 | 0 | _aPreface : the red blanket -- And the weak suffer what they must -- An indecent proposal --Troubled pilgrims -- Trojan horse -- The one that got away -- The reverse alchemists -- Back to the future -- Europe's crisis, America's future -- Afterword : from dissonance to harmony. | |
| 650 | 0 |
_aFinancial crises _zEurope. |
|
| 651 | 0 |
_aEurope _xEconomic integration. |
|
| 651 | 0 |
_aEurope _xEconomic conditions _y21st century. |
|
| 651 | 0 |
_aEurope _xPolitics and government _y21st century. |
|
| 906 |
_a7 _bcbc _ccopycat _d3 _encip _f20 _gy-gencatlg |
||
| 942 |
_2lcc _cBK _h240 _iVAR _kHC |
||